000 00601nam a2200229Ia 4500
003 OSt
005 20220918174133.0
006 a|||||r|||| 00| 0
007 ta
008 220917b |||||||| |||| 00| 0 eng d
024 _a10,635
037 _cTextual
040 _aARTS
_cARTS
_beng
041 _2eng
_aeng
082 _aM14v1.N7, K6
100 _aDay Kenneth
_949220
245 0 _aBook typography 1815-1965 in Europe and United States of America
260 _c1966
650 _aINDUSTRIAL ARTS
942 _hM14v1.N7, K6
_cTEXL
_2CC
999 _c151922
_d151922